Memes politiques - 3 - Statistiques

Statistiques générales
  • Ce quiz a été pris 400 fois
  • Le résultat moyen est 5 sur 14
Statistiques - réponses
Référence Politicien % Correct
"Ils sont là, ils sont dans les campagnes, dans les villes, ils sont sur les réseaux sociaux" Marine Le Pen
93%
"Je serai le président de TOUS les français" Jacques Chirac
82%
"Enfoncez la porte camarades" Jean-Luc Mélenchon
65%
"D'abord la France n'est pas un McDonald, on y vient pas comme on est" Éric Zemmour
62%
-Le président des riches, c'est ce qu'on entend beaucoup, c'est ce que vous pensez ?"Non, ce n'est pas vrai. Il est le président des TRÈS riches. Vous avez ma réponse" François Hollande
39%
"Attendez faut avoir un pied dans la tombe maintenant pour..." David Guiraud
37%
"JE RÉPONDS À LA QUESTION ET TU TE TAIS CINQ MINUTES" Valérie Pécresse
36%
"Et ta soeur, elle y va elle ?" Jean-Marie Le Pen
31%
"Eh relax Jabaoud" Jean Messiha
31%
"Il y a des colères qui sont parfaitement saines" Ségolène Royal
20%
"Vous êtes vaches, vous m'avez mis à côté d'Estrosi et vous savez que je suis allergique aux réactionnaires" Philippe Poutou
19%
"Un enfant ne se découpe pas en- ne se découpe pas tout court d'abord" Gabriel Attal
14%
"C'est un chien, C'EST UN CHIEN" Jean Lassalle
6%
"Bah vous savez, le grand avantage d'un avion, c'est que ça vole" Patrick Dutartre
2%
Aucun quiz correspondant
Distribution des résultats
% des personnes avec chaque résultat
Percentile par nombre de réponses
Votre historique - résultats
Vous n’avez pas pris ce quiz